Enhancing Soft Skills (Record no. 4342)

MARC details
000 -LEADER
fixed length control field 00308nam a2200133Ia 4500
008 - FIXED-LENGTH DATA ELEMENTS--GENERAL INFORMATION
fixed length control field 191201s2009 xx 000 0 und d
082 ## - DEWEY DECIMAL CLASSIFICATION NUMBER
Classification number 658.45
Item number BIE
100 ## - MAIN ENTRY--PERSONAL NAME
Personal name BISWAS,Dipali
245 #0 - TITLE STATEMENT
Title Enhancing Soft Skills
260 ## - PUBLICATION, DISTRIBUTION, ETC. (IMPRINT)
Place of publication, distribution, etc N.Delhi
Name of publisher, distributor, etc SPP
Date of publication, distribution, etc 2009
300 ## - PHYSICAL DESCRIPTION
Extent 328
650 ## - SUBJECT ADDED ENTRY--TOPICAL TERM
Topical term or geographic name as entry element B.Tech(IT)
942 ## - ADDED ENTRY ELEMENTS (KOHA)
Source of classification or shelving scheme Dewey Decimal Classification
Koha item type Text Books
Holdings
Withdrawn status Lost status Source of classification or shelving scheme Damaged status Not for loan Collection code Home library Current library Date acquired Source of acquisition Cost, normal purchase price Bill Number Total Checkouts Full call number Acc. no. / Barcode Date last seen Bill Date Koha item type Date last borrowed Public note
    Dewey Decimal Classification     GENERAL PIET C-LIBRARY PIET C-LIBRARY 18/01/2010 J B C, New Delhi 375.00 SI-4084   658.45 BIE 14499 04/12/2019 08/01/2010 Text Books    
    Dewey Decimal Classification     GENERAL PIET C-LIBRARY PIET C-LIBRARY 18/01/2010 J B C, New Delhi 375.00 SI-4084 1 658.45 BIE 14500 20/08/2021 08/01/2010 Text Books 27/01/2021 Motivational

Design & Developed by: PIET Central Library
R70 Miles Stone Pattikalyana Samalkha Panipat 132102
mail ID :- [email protected], Phone No:- 0180-2569700 Ex.216